000 00698nam a22001577a 4500
003 OSt
005 20151210112219.0
008 151210b xxu||||| |||| 00| 0 eng d
040 _cRUA
082 _aATM EM 2004 B205 Or.1
100 _94650
_aEM, PHEAN
245 _aOrganization and management of fish sanctuary in fishing lots N 4 and 5 ,kompong thom province, ការរៀបចំ និងគ្រប់គ្រងទីជំរកសុខសាន្តមេពូជមច្ឆជាតិ នៅឡូតនេសាទលេខ ៤ និង ៥ នៅខេត្តកំពង់ធំ
260 _aPhnom Penh
_bRUA
_c2004
300 _aiv, 39p.
_bill.
_c29cm.
942 _2ddc
_cATM
999 _c4334
_d4334